000 02433nam a22002657a 4500
001 451484
003 AR-FvUNAJ
005 20251006104409.0
008 210303cr ||||| |||| 00| 0 spa d
020 _a9788426734655
040 _aAR-FvUNAJ
_cAR-FvUNAJ
100 1 _aGironés, Jesús Tomás
_917498
245 1 3 _aEl gran libro de Android /
_cJesús Tomás Gironés, Jaime Lloret Mauri
250 _a9a.ed.
260 _aMéxico, D.F. :
_bAlfaomega,
_c2022.
300 _adigital
520 _aAndroid es la plataforma libre para el desarrollo de aplicaciones móviles creada por Google. En la actualidad se ha convertido en la plataforma líder frente a otras como iPhone o Windows Phone. Las aplicaciones Android están ampliando su rango de influencia a nuevos dispositivos, tales como tabletas, sistemas empotrados, Google Glass o Wearable. Este libro pretende ser una guía para aquellos lectores que quieran introducirse en la programación en Android. Todos los capítulos son descritos por medio de sencillos ejemplos, aumentando su nivel de complejidad a medida que avanzan los capítulos. La obra está recomendada tanto para usuarios con poca experiencia como para programadores experimentados. A lo largo del libro se desarrollan dos aplicaciones de ejemplo: el mítico videojuego Asteroides y una aplicación de gestión de información personal, Mis Lugares*. Se comienza con una versión sencilla, que se irá completando capítulo a capítulo, para que incluya: fragmentos*, gráficos vectoriales y en mapa de bits, control mediante pantalla táctil y sensores, hilos con AsyncTask*, notificaciones, geo-localización*, mapas, multimedia, ficheros, XML, SQL, acceso a Internet, servicios Web, acceso a bases de datos en servidor PHP + MySQL* Así cómo publicar en Google Play y añadir anuncios*. El libro propone un aprendizaje activo, con actividades, muchas a través de Internet: Vídeo[Tutorial]: Más de 80 videos elaborados por el autor. Ejercicio paso a paso: La mejor forma de aprender es practicando. Práctica: Para afianzar lo aprendido hay que practicar. Comprar, instalar y utilizar aplicaciones de la App Store.
650 0 _93574
_aSISTEMAS OPERATIVOS
650 0 _914298
_aANDROID
653 _aIIyA
797 _aBidi
856 _uhttps://cin.ticmas.io/bidi/book/0d544c95-40e5-489b-8c59-67943ce56beb
942 _2ddc
_cLIBRO DIGI
980 _82
_gVirginia Figueroa
_62
_aVirginia Figueroa
999 _c8915
_d8915